| 000 | 00974nam a2200349 a 4500 | ||
|---|---|---|---|
| 003 | AR-BaBNM | ||
| 005 | 20251128202740.0 | ||
| 008 | 082120s2002 ||||||||||||||000 | spa|| | ||
| 020 | _a84-7100-478-X | ||
| 040 | _cAR-BaBNM | ||
| 100 | 1 | _aAsín, Francisco | |
| 245 | 0 | 0 | _aAragón y América |
| 250 | _a1ª ed. | ||
| 260 |
_aMadrid _bMapfre _c1992 |
||
| 300 |
_a275 p. _bil., láms. |
||
| 490 | 0 |
_aLas Españas y América _vv. 5 |
|
| 650 | 4 | _aHISTORIA SOCIAL | |
| 650 | 4 | _aHISTORIA DE LAS COSTUMBRES | |
| 650 | 4 | _aPERIODO HISPANICO | |
| 650 | 4 | _aPERIODO INDEPENDIENTE | |
| 650 | 4 | _aEMIGRACION | |
| 650 | 4 | _aINMIGRACION | |
| 650 | 4 | _aDEMOGRAFIA HISTORICA | |
| 651 | 4 | _aEspaña | |
| 651 | 4 | _aAmérica Latina | |
| 700 | 1 |
_aBuesa Oliver, Tomás _ecolaborador |
|
| 700 | 1 |
_aAndreu Ocariz, Juan José _ecolaborador |
|
| 800 | 1 |
_aGallego, José Andrés _ecoordinador |
|
| 800 | 1 |
_aHernández Sánchez-Barba, Mario _edirector |
|
| 942 | _cBK | ||
| 998 | _cmariana | ||
| 999 |
_c391 _d391 |
||